| 000 | 00872nam a22002295a 4500 | ||
|---|---|---|---|
| 003 | OSt | ||
| 005 | 20170326130412.0 | ||
| 008 | 170322s2006 ua frb 000 0 ara d | ||
| 040 |
_aEG-ScBUE _bara _cEG-ScBUE |
||
| 082 | 0 | 4 |
_a346.07 _bب ر ي _222 |
| 100 | 1 | _aبريري، محمود مختار أحمد. | |
| 245 | 1 | 0 |
_aقانون المعاملات التجارية : _bالشركات التجارية / _cمحمود مختار أحمد بريري. |
| 250 | _aط. 2. | ||
| 260 |
_aالقاهرة : _bدار النهضة العربية، _c2006. |
||
| 300 |
_a422 ص. ؛ _c24 سم. |
||
| 504 | _aيشتمل على إرجاعات ببليوجرافية. | ||
| 650 | 7 |
_aالقانون التجاري. _2BUEsh _941150 |
|
| 650 | 7 |
_2BUEsh _aالعلامات التجارية _xقوانين وتشريعات. |
|
| 651 | _2BUEsh | ||
| 653 |
_bLLAAWW _cMarch2017 |
||
| 942 | _2ddc | ||
| 999 |
_c24531 _d24503 |
||